ՀՀ Գիտությունների ազգային ակադեմիայի հիմնարար գիտական գրադարան  =   Fundamental Scientific Library of NAS RA

Минералы древней коры выветривания Урала / (Record no. 473052)

MARC details
000 -LEADER
fixed length control field 01011nam-a2200241-a-4500
001 - CONTROL NUMBER
control field 000124490
003 - CONTROL NUMBER IDENTIFIER
control field AM-YeHGA
005 - DATE AND TIME OF LATEST TRANSACTION
control field 20250617161529.0
008 - FIXED-LENGTH DATA ELEMENTS--GENERAL INFORMATION
fixed length control field 990429s1951 xxu 000 0 rus u
020 ## - INTERNATIONAL STANDARD BOOK NUMBER
Terms of availability 50.00
040 ## - CATALOGING SOURCE
Original cataloging agency AM-YeHGA
090 ## - LOCALLY ASSIGNED LC-TYPE CALL NUMBER (OCLC); LOCAL CALL NUMBER (RLIN)
-- 476317
100 1# - MAIN ENTRY--PERSONAL NAME
Personal name Гинзбург, И.И.
245 10 - TITLE STATEMENT
Title Минералы древней коры выветривания Урала /
Statement of responsibility, etc. И.И. Гинзбург, И.А. Рукавишникова ; ИГН АН СССР ; Глав. ред. Д.С. Белянкин ; Отв. ред. Н.М. Прокопенко.
260 ## - PUBLICATION, DISTRIBUTION, ETC.
Place of publication, distribution, etc. Москва :
Name of publisher, distributor, etc. АН СССР ,
Date of publication, distribution, etc. 1951.
300 ## - PHYSICAL DESCRIPTION
Extent 715 с. :
Other physical details ил.
504 ## - BIBLIOGRAPHY, ETC. NOTE
Bibliography, etc. note Список лит. с. 967-705
650 14 - SUBJECT ADDED ENTRY--TOPICAL TERM
Topical term or geographic name entry element Описательная минералогия
700 1# - ADDED ENTRY--PERSONAL NAME
Personal name Рукавишникова, И.А.
700 1# - ADDED ENTRY--PERSONAL NAME
Personal name Белянкин, Д.С.
Relator term ред.
Relationship edt
700 1# - ADDED ENTRY--PERSONAL NAME
Personal name Прокопенко, Н.М.
Relator term ред.
Relationship edt
710 2# - ADDED ENTRY--CORPORATE NAME
Corporate name or jurisdiction name as entry element Институт геологических наук АН СССР
Holdings
Withdrawn status Lost status Damaged status Not for loan Collection Home library Current library Date acquired Total checkouts Full call number Barcode Date last seen Price effective from Koha item type Public note Source of classification or shelving scheme
        General Fundamental Scientific Library Fundamental Scientific Library 29/06/2018   РД III/9506 FL0509885 29/06/2018 29/06/2018 Գրքեր / Books 30 Days Loan  
        General Fundamental Scientific Library Fundamental Scientific Library 29/06/2018   РД III/9607 FL0509886 29/06/2018 29/06/2018 Գրքեր / Books 30 Days Loan Universal Decimal Classification
        General Fundamental Scientific Library Fundamental Scientific Library 29/06/2018   РД III/9616 FL0509895 29/06/2018 29/06/2018 Գրքեր / Books 30 Days Loan  


ՀՀ ԳԱԱ հիմնարար գիտական գրադարան
ՀՀ,Երևան 0019
Մարշալ Բաղրամյան 24/6
հեռախոս:(374-10) 52-47-50
Հետադարձ կապ

All site content, except where otherwise noted, is licensed under a
Creative Commons License